Barrios por Distritos: Tetuán - Estadísticas

Estadísticas generales
  • Esta prueba ha sido intentada 27 veces
  • La puntuación promedio es 3 de 5
Estadísticas de respuestas
Pista Barrio % Correcto
Parque Agustín Rodríguez Sahagún, Plaza de la Remonta Valdeacederas
81%
Metro y cc Nuevos Ministerios, Bajos de Orense Cuatro Caminos
77%
Metro Francos Rodríguez Berruguete
46%
Metro Ventilla, Mercadillo Almenara
38%
Metros Alvarado, Cuatro Caminos y Estrecho; Mercado Maravillas Bellas Vistas
31%
No se encontraron pruebas coincidentes
Distribución de puntuación
Porcentaje de gente con cada puntuación
Porcentaje por número respondido
Historial de tus puntuaciones
No has intentado esta prueba.